| 000 | 00563nam a2200193Ia 4500 | ||
|---|---|---|---|
| 005 | 20250317125407.0 | ||
| 008 | 008 250317s9999 xx 000 0 eng d | ||
| 020 | _a81-203-0849-2 | ||
| 037 | _aTextbook | ||
| 040 |
_aFMSL _beng _cFMSL |
||
| 041 |
_aeng _2eng |
||
| 084 |
_aSNIobx:8 N2 _qFMSL |
||
| 100 |
_aRobbins S P _9308447 |
||
| 245 | 0 | _aEssentials of organizational behavior | |
| 260 |
_aNew Delhi _bNew Delhi, Prentice Hall of India _c1992 |
||
| 300 | _a319p | ||
| 942 |
_cTB _hSNIobx:8 N2 |
||
| 999 |
_c1259274 _d1259274 |
||